Fundamentals of quality control and improvement (Record no. 69960)

000 -LEADER
fixed length control field 00479nam a22001697a 4500
003 - CONTROL NUMBER IDENTIFIER
control field NUST - PNEC
005 - DATE AND TIME OF LATEST TRANSACTION
control field 20170116181131.0
008 - FIXED-LENGTH DATA ELEMENTS--GENERAL INFORMATION
fixed length control field 151006b xxu||||| |||| 00| 0 eng d
020 ## - INTERNATIONAL STANDARD BOOK NUMBER
International Standard Book Number 0023817917
040 ## - CATALOGING SOURCE
Transcribing agency LIBRARY
082 ## - DEWEY DECIMAL CLASSIFICATION NUMBER
Classification number 658.562015195 MIT
100 ## - MAIN ENTRY--PERSONAL NAME
9 (RLIN) 13957
Personal name Mitra, Amitava
245 ## - TITLE STATEMENT
Title Fundamentals of quality control and improvement
Statement of responsibility, etc. Amitava Mitra
260 ## - PUBLICATION, DISTRIBUTION, ETC.
Date of publication, distribution, etc. c.1993
650 ## - SUBJECT ADDED ENTRY--TOPICAL TERM
9 (RLIN) 13959
Topical term or geographic name entry element Quality control--Statistical methods
General subdivision MS CON
942 ## - ADDED ENTRY ELEMENTS (KOHA)
Source of classification or shelving scheme
Koha item type Book
Holdings
Withdrawn status Lost status Source of classification or shelving scheme Damaged status Not for loan Permanent Location Current Location Shelving location Date acquired Total Checkouts Full call number Barcode Date last seen Price effective from Koha item type
          Pakistan Navy Engineering College (PNEC) Pakistan Navy Engineering College (PNEC)       658.562015195 MIT PNECLIB-025310 10/06/2015   Book
© 2023 Central Library, National University of Sciences and Technology. All Rights Reserved.